| 000 | 01372nam0a22003731 4500 | ||
|---|---|---|---|
| 001 | v19\rc\1816997 | ||
| 005 | 20071224114507.2 | ||
| 035 | _a(NLR Aleph) 004915609 | ||
| 090 |
_a5523587 _c5523587 |
||
| 100 | _a20071224g19071908|||y0rusy50 ca | ||
| 101 | 1 |
_arus _cger |
|
| 102 | _aRU | ||
| 105 | _aa z ||||| | ||
| 200 | 1 |
_aИстория культуры _eВ 3 отд. _f[Соч.] Ю. Липперта _gПер. с нем. А. Острогорский и П. Струве |
|
| 205 | _a7-е изд. | ||
| 210 |
_aСанкт-Петербург _cФ. Павленков _d1907 (обл. 1908) |
||
| 215 |
_a402 с., 83 ил. _d22 |
||
| 316 |
_aЭкз. РНБ (114/948): деф.: отсутствует обл. _5NLR: 114/948 |
||
| 700 | 1 |
_aЛипперт _bЮ. _f1839-1909 _gЮлиус _3RU\NLR\AUTH\7775826 _4070 |
|
| 702 | 1 |
_aОстрогорский _bА. Я. _f1868-1908 _gАлександр Яковлевич _4730 |
|
| 702 | 1 |
_aСтруве _bП. Б. _f1870-1944 _gПетр Бернгардович _3RU\NLR\auth\7741449 _4570 |
|
| 801 | 0 |
_aRU _bNLR _gpsbo |
|
| 801 | 0 |
_aRU _bRuMoRGB _2psbo |
|
| 801 | 1 |
_aRU _bProSoft-M _2rusmarc |
|
| 852 |
_aNLR _j114/948 |
||
| 899 |
_aRuMoRGB _jS 59/29 |
||
| 899 |
_aRuMoRGB _jU 6/2491 |
||
| 899 |
_aRuMoRGB _jРб 36/86 |
||
| 899 | _aБАН | ||
| 899 | _aГПИБ | ||
| 899 | _aНБ МГУ | ||
| 942 | _cBOOK | ||
| 980 | _aMONB | ||
| 980 | _aNB | ||